| 000 | 00399nam a22001697a 4500 | ||
|---|---|---|---|
| 005 | 20160530094635.0 | ||
| 008 | 160530b xxu||||| |||| 00| 0 eng d | ||
| 020 | _a0-7494-4319-7 | ||
| 041 | _aeng | ||
| 082 | _b5892 | ||
| 100 |
_aHougue, Paul & others _91472 |
||
| 245 | _aMarket Research in Practice | ||
| 260 |
_bKogar Press _c2004 |
||
| 300 | _a220 | ||
| 650 |
_aManagement _9241 |
||
| 942 | _cBK | ||
| 999 |
_c2087 _d2086 |
||